[Event "Gran Canaria Galdos op 3rd"]
[Site "Gran Canaria"]
[Date "2018.04.20"]
[Round "2"]
[White "Jablanovic, Milos"]
[Black "Macias Reyes, Jose Luis"]
[Result "0-1"]
[WhiteElo "1347"]
[BlackElo "1552"]
[PlyCount "57"]
[EventDate "2018.04.18"]
[EventType "swiss"]
[EventRounds "5"]
[EventCountry "ESP"]
[SourceTitle "EXT 2024"]
[Source "ChessBase"]
[SourceDate "2023.10.10"]
[SourceVersion "1"]
[SourceVersionDate "2023.10.10"]
[SourceQuality "1"]

1. e4 c5 2. Nf3 d6 3. d4 cxd4 4. Nxd4 Nf6 5. Nc3 a6 6. Bc4 e6 7. 0-0 Nxe4 8. Qf3 Nxc3 9. Qxc3 d5 10. Bd3 Bd7 11. a3 Nc6 12. Nf3 f6 13. Re1 Be7 14. Nd4 Nxd4 15. Qxd4 Rc8 16. Qg4 Kf7 17. Bd2 g6 18. Qe2 e5 19. c3 Re8 20. h4 h5 21. Rad1 e4 22. Bb1 Bg4 23. f3 exf3 24. gxf3 Bc5+ 25. Kf1 Rxe2 26. Rxe2 Bxf3 27. b4 Bxe2+ 28. Kxe2 Qe7+ 29. Kd3 0-1

[Event "Gran Canaria Cabildo op"]
[Site "Gran Canaria"]
[Date "2018.03.16"]
[Round "4"]
[White "Diaz Hernandez, Juan Jose"]
[Black "Jablanovic, Milos"]
[Result "0-1"]
[WhiteElo "1018"]
[BlackElo "1347"]
[PlyCount "55"]
[EventDate "2018.03.06"]
[EventType "swiss"]
[EventRounds "7"]
[EventCountry "ESP"]
[SourceTitle "CBM 183 Extra"]
[Source "ChessBase"]
[SourceDate "2018.04.19"]
[SourceVersion "1"]
[SourceVersionDate "2018.04.19"]
[SourceQuality "1"]

1. d4 Nf6 2. Bf4 g6 3. Nc3 d5 4. e3 Bg7 5. Nf3 0-0 6. h3 a6 7. g4 Nc6 8. a3 b5 9. Na2 Bb7 10. Ng5 h6 11. h4 hxg5 12. hxg5 Ne4 13. Qf3 f6 14. gxf6 Rxf6 15. 0-0-0 e5 16. dxe5 Nxe5 17. Qh3 Rxf4 18. exf4 Nxf2 19. Qh7+ Kf7 20. fxe5 Nxd1 21. Bd3 Qg5+ 22. Kxd1 Qxg4+ 23. Kc1 Qg5+ 24. Kb1 Qxe5 25. Qxg6+ Ke7 26. c3 Rh8 27. Rf1 Rf8 28. Rg1 0-1